000 00595nam a2200193 i 4500
001 63660
003 ES-MaACL
005 20230906164934.0
007 t|
008 031215s1940 it ||||1| ita d
100 1 _aFiaccadori, Aldo.
_950666
245 1 3 _aLa supremazia económica inglese e le origini della sua decadenza /
_cAldo Fiaccadori.
260 _aMilano :
_bUlrico Hoepli,
_c1940 (
_fStucchi)
300 _a424 p. ;
_c20 cm.
490 1 _aCollezione storica Villari
830 0 _aCollezione storica Villari
_9187206
852 _aES-MaACL
_jD-6146
_bR.29817
999 _c63660
_d63660